[Event "DVM U16 2016"]
[Site "Neumarkt in der Oberpfalz GER"]
[Date "2016.12.30"]
[Round "7"]
[White "Browning, Alex"]
[Black "Sieber, Fiona"]
[Result "1/2-1/2"]
[Termination "normal"]
[Board "1.1"]
[BlackTitle "WFM"]
[WhiteElo "1938"]
[BlackElo "2169"]
[WhiteClock "00:21:52"]
[BlackClock "00:20:15"]
[WhiteTeam "MS Halver-Schalksmühle"]
[BlackTeam "SG Aufbau Elbe Magdeburg"]
[PlyCount "96"]
[WhiteFideId "12984019"]
[BlackFideId "12902373"]
[EventCountry "GER"]
[EventRounds "7"]
[EventType "team-swiss"]
[EventDate "2016.12.26"]

1. e4 {[%clk 1:30:58]} c5 {[%clk 1:30:56]} 2. Nf3 {[%clk 1:31:17]} Nc6 {[%clk
1:31:23]} 3. c3 {[%clk 1:31:37]} Nf6 {[%clk 1:31:47]} 4. e5 {[%clk 1:31:58]}
Nd5 {[%clk 1:32:13]} 5. d4 {[%clk 1:32:19]} cxd4 {[%clk 1:32:38]} 6. cxd4
{[%clk 1:32:41]} d6 {[%clk 1:33:01]} 7. Bc4 {[%clk 1:30:33]} dxe5 {[%clk
1:33:08]} 8. dxe5 {[%clk 1:29:20]} Nb6 {[%clk 1:33:29]} 9. Qxd8+ {[%clk
1:22:52]} Nxd8 {[%clk 1:33:56]} 10. Bb3 {[%clk 1:23:09]} g6 {[%clk 1:33:25]}
11. Be3 {[%clk 1:18:39]} Bg7 {[%clk 1:29:13]} 12. Nc3 {[%clk 1:10:24]} Nc6
{[%clk 1:16:30]} 13. Bxb6 {[%clk 1:08:21]} axb6 {[%clk 1:16:58]} 14. Nd5 {[%clk
1:08:18]} Ra5 {[%clk 1:03:52]} 15. O-O {[%clk 1:00:40]} Bg4 {[%clk 1:00:08]}
16. Nd2 {[%clk 0:54:36]} Nxe5 {[%clk 0:52:04]} 17. Nxb6 {[%clk 0:53:01]} O-O
{[%clk 0:52:22]} 18. Nbc4 {[%clk 0:52:28]} Rc5 {[%clk 0:46:01]} 19. Ne3 {[%clk
0:51:17]} Be2 {[%clk 0:44:20]} 20. Rfe1 {[%clk 0:51:20]} Bb5 {[%clk 0:44:21]}
21. Ne4 {[%clk 0:51:31]} Rcc8 {[%clk 0:43:23]} 22. Nd5 {[%clk 0:48:06]} Rfe8
{[%clk 0:41:24]} 23. Nec3 {[%clk 0:47:43]} Bc6 {[%clk 0:37:06]} 24. Rad1 {[%clk
0:39:29]} e6 {[%clk 0:34:07]} 25. Nb4 {[%clk 0:38:01]} Red8 {[%clk 0:32:55]}
26. Nxc6 {[%clk 0:25:18]} Nxc6 {[%clk 0:32:55]} 27. Rxd8+ {[%clk 0:20:59]} Rxd8
{[%clk 0:33:18]} 28. Rd1 {[%clk 0:21:19]} Nd4 {[%clk 0:30:22]} 29. Nb5 {[%clk
0:20:59]} Kf8 {[%clk 0:28:56]} 30. Kf1 {[%clk 0:20:37]} Ke7 {[%clk 0:29:08]}
31. Nxd4 {[%clk 0:20:49]} Rxd4 {[%clk 0:28:58]} 32. Rxd4 {[%clk 0:20:51]} Bxd4
{[%clk 0:29:26]} 33. Ke2 {[%clk 0:21:13]} Bxb2 {[%clk 0:28:27]} 34. Kd3 {[%clk
0:21:04]} Kd6 {[%clk 0:27:36]} 35. Ke4 {[%clk 0:20:17]} Be5 {[%clk 0:26:59]}
36. f4 {[%clk 0:19:48]} Bc3 {[%clk 0:25:13]} 37. g4 {[%clk 0:19:51]} f5+ {[%clk
0:23:06]} 38. gxf5 {[%clk 0:19:52]} gxf5+ {[%clk 0:22:54]} 39. Kf3 {[%clk
0:20:13]} Ke7 {[%clk 0:22:44]} 40. Bc4 {[%clk 0:20:16]} Kf6 {[%clk 0:22:55]}
41. h3 {[%clk 0:20:03]} h6 {[%clk 0:22:34]} 42. Bb3 {[%clk 0:20:18]} b6 {[%clk
0:22:00]} 43. Bc4 {[%clk 0:20:35]} Bd4 {[%clk 0:20:11]} 44. Bd3 {[%clk
0:20:44]} e5 {[%clk 0:19:35]} 45. fxe5+ {[%clk 0:21:07]} Bxe5 {[%clk 0:20:03]}
46. Bc2 {[%clk 0:21:27]} Kg5 {[%clk 0:20:23]} 47. Bd3 {[%clk 0:21:45]} Bd6
{[%clk 0:20:15]} 48. Bc2 {[%clk 0:21:52]} Be5 1/2-1/2

[Event "DVM U16 2016"]
[Site "Neumarkt in der Oberpfalz GER"]
[Date "2016.12.30"]
[Round "7"]
[White "Biastoch, Bennet"]
[Black "Kölz, Niklas"]
[Result "1-0"]
[Termination "normal"]
[Board "1.2"]
[WhiteElo "2115"]
[BlackElo "1801"]
[WhiteClock "00:08:51"]
[BlackClock "00:11:42"]
[WhiteTeam "SG Aufbau Elbe Magdeburg"]
[BlackTeam "MS Halver-Schalksmühle"]
[PlyCount "101"]
[WhiteFideId "12939889"]
[BlackFideId "12971758"]
[EventCountry "GER"]
[EventRounds "7"]
[EventType "team-swiss"]
[EventDate "2016.12.26"]

1. e4 {[%clk 1:30:59]} e6 {[%clk 1:30:54]} 2. d3 {[%clk 1:29:44]} c5 {[%clk
1:29:35]} 3. g3 {[%clk 1:29:21]} g6 {[%clk 1:26:55]} 4. Bg2 {[%clk 1:27:09]}
Bg7 {[%clk 1:26:58]} 5. f4 {[%clk 1:25:41]} Ne7 {[%clk 1:24:26]} 6. Nf3 {[%clk
1:24:06]} Nbc6 {[%clk 1:21:04]} 7. O-O {[%clk 1:21:48]} d5 {[%clk 1:16:01]} 8.
c3 {[%clk 1:14:37]} O-O {[%clk 1:13:02]} 9. Be3 {[%clk 1:08:18]} b6 {[%clk
1:04:02]} 10. e5 {[%clk 0:54:32]} Ba6 {[%clk 1:01:52]} 11. Re1 {[%clk 0:51:01]}
Rc8 {[%clk 0:58:09]} 12. Na3 {[%clk 0:47:38]} Qc7 {[%clk 0:48:44]} 13. d4
{[%clk 0:44:39]} c4 {[%clk 0:47:40]} 14. Nc2 {[%clk 0:42:36]} Rb8 {[%clk
0:43:57]} 15. Bd2 {[%clk 0:41:15]} Qd7 {[%clk 0:40:50]} 16. Ne3 {[%clk
0:39:08]} b5 {[%clk 0:34:43]} 17. Bh3 {[%clk 0:36:42]} Bc8 {[%clk 0:30:35]} 18.
g4 {[%clk 0:34:35]} Qd8 {[%clk 0:23:09]} 19. Rf1 {[%clk 0:27:16]} Bh6 {[%clk
0:15:52]} 20. Ne1 {[%clk 0:19:02]} Kh8 {[%clk 0:12:51]} 21. N1g2 {[%clk
0:16:04]} Rg8 {[%clk 0:11:29]} 22. Kh1 {[%clk 0:15:32]} Bd7 {[%clk 0:10:13]}
23. f5 {[%clk 0:08:36]} g5 {[%clk 0:06:18]} 24. Qf3 {[%clk 0:07:33]} Qc7 {[%clk
0:05:13]} 25. Ne1 {[%clk 0:05:00]} b4 {[%clk 0:04:37]} 26. cxb4 {[%clk
0:03:52]} Nxd4 {[%clk 0:04:35]} 27. Qg3 {[%clk 0:03:11]} Ne2 {[%clk 0:03:54]}
28. Qf2 {[%clk 0:02:01]} Nf4 {[%clk 0:04:02]} 29. Bg2 {[%clk 0:02:21]} Nc6
{[%clk 0:02:45]} 30. Nf3 {[%clk 0:01:42]} Nd3 {[%clk 0:02:35]} 31. Qg3 {[%clk
0:01:51]} Ncxb4 {[%clk 0:02:20]} 32. Qh3 {[%clk 0:01:48]} Nf4 {[%clk 0:01:15]}
33. Qxh6 {[%clk 0:02:01]} Nbd3 {[%clk 0:01:29]} 34. Nxg5 {[%clk 0:02:14]} Rg7
{[%clk 0:01:28]} 35. f6 {[%clk 0:02:17]} Rxg5 {[%clk 0:01:53]} 36. Qxg5 {[%clk
0:02:41]} Rg8 {[%clk 0:02:03]} 37. Qh4 {[%clk 0:02:36]} Nxe5 {[%clk 0:01:29]}
38. Qg3 {[%clk 0:01:31]} Nxg2 {[%clk 0:01:37]} 39. Nxg2 {[%clk 0:01:07]} Rxg4
{[%clk 0:01:50]} 40. Qa3 {[%clk 0:01:06]} Bc6 {[%clk 0:00:37]} 41. Rf4 {[%clk
0:25:19]} Rg8 {[%clk 0:29:21]} 42. Rh4 {[%clk 0:18:09]} Nd3 {[%clk 0:18:32]}
43. Bh6 {[%clk 0:15:49]} Rb8 {[%clk 0:17:17]} 44. Qe7 {[%clk 0:10:36]} Qb6
{[%clk 0:17:19]} 45. Be3 {[%clk 0:10:54]} Qb7 {[%clk 0:14:07]} 46. Qxb7 {[%clk
0:09:58]} Rxb7 {[%clk 0:14:30]} 47. Kg1 {[%clk 0:08:55]} Rxb2 {[%clk 0:13:40]}
48. Nf4 {[%clk 0:08:46]} Nb4 {[%clk 0:12:04]} 49. Bd4 {[%clk 0:08:28]} Rxa2
{[%clk 0:11:17]} 50. Rxa2 {[%clk 0:08:26]} Nxa2 {[%clk 0:11:42]} 51. Ng6+
{[%clk 0:08:51]} 1-0

[Event "DVM U16 2016"]
[Site "Neumarkt in der Oberpfalz GER"]
[Date "2016.12.30"]
[Round "7"]
[White "Browning, Rebecca"]
[Black "Roseneck, Jonas"]
[Result "1-0"]
[Termination "normal"]
[Board "1.3"]
[WhiteElo "1815"]
[BlackElo "2094"]
[WhiteClock "00:57:29"]
[BlackClock "00:01:07"]
[WhiteTeam "MS Halver-Schalksmühle"]
[BlackTeam "SG Aufbau Elbe Magdeburg"]
[PlyCount "71"]
[WhiteFideId "12984027"]
[BlackFideId "12939870"]
[EventCountry "GER"]
[EventRounds "7"]
[EventType "team-swiss"]
[EventDate "2016.12.26"]

1. d4 {[%clk 1:30:58]} Nf6 {[%clk 1:30:33]} 2. c4 {[%clk 1:29:53]} g6 {[%clk
1:30:50]} 3. Nc3 {[%clk 1:29:54]} Bg7 {[%clk 1:31:14]} 4. e4 {[%clk 1:30:19]}
d6 {[%clk 1:31:41]} 5. f4 {[%clk 1:30:39]} O-O {[%clk 1:31:25]} 6. Nf3 {[%clk
1:30:56]} c5 {[%clk 1:31:50]} 7. d5 {[%clk 1:31:15]} e6 {[%clk 1:32:16]} 8. Be2
{[%clk 1:31:20]} exd5 {[%clk 1:31:53]} 9. cxd5 {[%clk 1:31:16]} Re8 {[%clk
1:29:35]} 10. e5 {[%clk 1:27:23]} dxe5 {[%clk 1:26:24]} 11. fxe5 {[%clk
1:27:22]} Ng4 {[%clk 1:23:32]} 12. e6 {[%clk 1:27:41]} fxe6 {[%clk 1:16:49]}
13. d6 {[%clk 1:27:14]} Bd7 {[%clk 1:04:55]} 14. Bg5 {[%clk 1:25:30]} Qb6
{[%clk 1:01:41]} 15. Qd2 {[%clk 1:17:43]} Na6 {[%clk 0:39:23]} 16. h3 {[%clk
1:14:44]} Ne5 {[%clk 0:39:46]} 17. O-O {[%clk 1:14:32]} Nb4 {[%clk 0:32:58]}
18. Nxe5 {[%clk 1:13:12]} Bxe5 {[%clk 0:33:21]} 19. a3 {[%clk 1:13:17]} Bd4+
{[%clk 0:33:01]} 20. Kh1 {[%clk 1:13:40]} Nd5 {[%clk 0:33:16]} 21. Nxd5 {[%clk
1:12:41]} exd5 {[%clk 0:33:36]} 22. Be7 {[%clk 1:12:41]} Be6 {[%clk 0:21:14]}
23. Qf4 {[%clk 1:05:46]} Bg7 {[%clk 0:14:02]} 24. Bg4 {[%clk 1:05:22]} Bxg4
{[%clk 0:12:13]} 25. Qf7+ {[%clk 1:05:46]} Kh8 {[%clk 0:12:38]} 26. hxg4 {[%clk
1:05:47]} Qc6 {[%clk 0:09:45]} 27. Rac1 {[%clk 1:04:30]} b6 {[%clk 0:05:59]}
28. Rc3 {[%clk 1:01:49]} Rf8 {[%clk 0:04:53]} 29. Bxf8 {[%clk 0:59:25]} Rxf8
{[%clk 0:05:22]} 30. d7 {[%clk 0:59:47]} Qd6 {[%clk 0:02:25]} 31. Qe8 {[%clk
0:59:45]} Bf6 {[%clk 0:02:08]} 32. Rcf3 {[%clk 0:58:58]} Kg7 {[%clk 0:02:04]}
33. Rxf6 {[%clk 0:58:54]} Rxf6 {[%clk 0:01:52]} 34. Re1 {[%clk 0:57:24]} Rf8
{[%clk 0:00:42]} 35. Re7+ {[%clk 0:57:49]} Kg8 {[%clk 0:01:07]} 36. Qxf8+
{[%clk 0:57:29]} 1-0

[Event "DVM U16 2016"]
[Site "Neumarkt in der Oberpfalz GER"]
[Date "2016.12.30"]
[Round "7"]
[White "Hoffmann, Lennard"]
[Black "Scholz, Sebastian"]
[Result "1-0"]
[Termination "normal"]
[Board "1.4"]
[WhiteElo "1938"]
[BlackElo "1681"]
[WhiteClock "00:14:36"]
[BlackClock "00:22:06"]
[WhiteTeam "SG Aufbau Elbe Magdeburg"]
[BlackTeam "MS Halver-Schalksmühle"]
[PlyCount "75"]
[WhiteFideId "12943495"]
[BlackFideId "16202597"]
[EventCountry "GER"]
[EventRounds "7"]
[EventType "team-swiss"]
[EventDate "2016.12.26"]

1. e4 {[%clk 1:30:59]} e6 {[%clk 1:29:59]} 2. d3 {[%clk 1:30:39]} b6 {[%clk
1:24:48]} 3. Nf3 {[%clk 1:27:39]} Bb7 {[%clk 1:22:25]} 4. Nbd2 {[%clk 1:26:03]}
d5 {[%clk 1:20:52]} 5. g3 {[%clk 1:20:56]} dxe4 {[%clk 1:14:30]} 6. dxe4 {[%clk
1:08:43]} Nd7 {[%clk 1:10:42]} 7. Bg2 {[%clk 1:04:50]} Ngf6 {[%clk 1:09:27]} 8.
Qe2 {[%clk 1:02:48]} Nc5 {[%clk 1:06:06]} 9. e5 {[%clk 1:01:38]} Nd5 {[%clk
1:05:12]} 10. O-O {[%clk 1:00:07]} Qd7 {[%clk 0:59:14]} 11. Nb3 {[%clk
0:52:40]} O-O-O {[%clk 0:56:07]} 12. c4 {[%clk 0:50:41]} Nb4 {[%clk 0:52:46]}
13. Bg5 {[%clk 0:50:13]} Re8 {[%clk 0:50:44]} 14. Rfd1 {[%clk 0:48:43]} Qa4
{[%clk 0:48:45]} 15. Nbd4 {[%clk 0:46:40]} Nc6 {[%clk 0:43:53]} 16. b3 {[%clk
0:45:56]} Nxd4 {[%clk 0:43:37]} 17. Rxd4 {[%clk 0:45:12]} Qa6 {[%clk 0:42:24]}
18. Rad1 {[%clk 0:43:02]} Be7 {[%clk 0:41:55]} 19. b4 {[%clk 0:41:59]} Bxg5
{[%clk 0:39:12]} 20. Nxg5 {[%clk 0:41:44]} Bxg2 {[%clk 0:37:24]} 21. Kxg2
{[%clk 0:41:37]} h6 {[%clk 0:37:25]} 22. Nxf7 {[%clk 0:36:58]} Rhf8 {[%clk
0:37:12]} 23. bxc5 {[%clk 0:36:52]} Qb7+ {[%clk 0:36:24]} 24. Kg1 {[%clk
0:36:41]} Rxf7 {[%clk 0:36:10]} 25. Qd2 {[%clk 0:30:20]} Qf3 {[%clk 0:34:53]}
26. Rd3 {[%clk 0:30:01]} Qc6 {[%clk 0:34:17]} 27. cxb6 {[%clk 0:26:24]} axb6
{[%clk 0:34:33]} 28. Qb4 {[%clk 0:25:15]} Ref8 {[%clk 0:33:36]} 29. R1d2 {[%clk
0:21:50]} Qe4 {[%clk 0:33:29]} 30. Re3 {[%clk 0:21:11]} Qc6 {[%clk 0:32:05]}
31. Qa3 {[%clk 0:20:51]} Kb7 {[%clk 0:29:57]} 32. c5 {[%clk 0:16:16]} Qxc5
{[%clk 0:25:55]} 33. Qxc5 {[%clk 0:16:41]} bxc5 {[%clk 0:26:20]} 34. Rc3 {[%clk
0:16:39]} c6 {[%clk 0:23:15]} 35. Rxc5 {[%clk 0:16:04]} Kb6 {[%clk 0:23:08]}
36. Rc3 {[%clk 0:15:39]} Ra8 {[%clk 0:22:20]} 37. Rdc2 {[%clk 0:14:17]} Rc7
{[%clk 0:22:06]} 38. Rb2+ {[%clk 0:14:36]} 1-0

[Event "DVM U16 2016"]
[Site "Neumarkt in der Oberpfalz GER"]
[Date "2016.12.30"]
[Round "7"]
[White "Kreyssig, Bruno"]
[Black "Oberhofer, Cédric"]
[Result "1-0"]
[Termination "normal"]
[Board "2.1"]
[WhiteElo "2165"]
[BlackElo "2226"]
[WhiteClock "01:03:13"]
[BlackClock "00:57:12"]
[WhiteTeam "SG Leipzig"]
[BlackTeam "SC Bavaria Regensburg"]
[PlyCount "35"]
[WhiteFideId "4692489"]
[BlackFideId "12941220"]
[EventCountry "GER"]
[EventRounds "7"]
[EventType "team-swiss"]
[EventDate "2016.12.26"]

1. e4 {[%clk 1:30:59]} c5 {[%clk 1:30:55]} 2. Nf3 {[%clk 1:31:25]} Nc6 {[%clk
1:31:23]} 3. d4 {[%clk 1:31:49]} cxd4 {[%clk 1:31:49]} 4. Nxd4 {[%clk 1:32:14]}
Qb6 {[%clk 1:32:16]} 5. Nb3 {[%clk 1:32:22]} Nf6 {[%clk 1:32:40]} 6. Nc3 {[%clk
1:32:46]} e6 {[%clk 1:32:57]} 7. g3 {[%clk 1:26:34]} a6 {[%clk 1:29:35]} 8. Bg2
{[%clk 1:26:52]} Be7 {[%clk 1:28:01]} 9. O-O {[%clk 1:27:06]} O-O {[%clk
1:25:07]} 10. Be3 {[%clk 1:27:05]} Qc7 {[%clk 1:25:30]} 11. f4 {[%clk 1:27:20]}
d6 {[%clk 1:25:49]} 12. g4 {[%clk 1:26:16]} b5 {[%clk 1:18:36]} 13. g5 {[%clk
1:26:09]} Nd7 {[%clk 1:18:53]} 14. Qh5 {[%clk 1:24:52]} g6 {[%clk 1:11:11]} 15.
Qh6 {[%clk 1:25:04]} Re8 {[%clk 1:10:38]} 16. f5 {[%clk 1:06:08]} b4 {[%clk
0:57:02]} 17. fxe6 {[%clk 1:02:58]} fxe6 {[%clk 0:57:12]} 18. Rf7 {[%clk
1:03:13]} 1-0

[Event "DVM U16 2016"]
[Site "Neumarkt in der Oberpfalz GER"]
[Date "2016.12.30"]
[Round "7"]
[White "Dechant, Georg"]
[Black "Halas, Julia"]
[Result "1-0"]
[Termination "normal"]
[Board "2.2"]
[WhiteElo "2005"]
[BlackElo "1839"]
[WhiteClock "00:41:24"]
[BlackClock "00:01:27"]
[WhiteTeam "SC Bavaria Regensburg"]
[BlackTeam "SG Leipzig"]
[PlyCount "82"]
[WhiteFideId "12956716"]
[BlackFideId "12931810"]
[EventCountry "GER"]
[EventRounds "7"]
[EventType "team-swiss"]
[EventDate "2016.12.26"]

1. e4 {[%clk 1:30:58]} e6 {[%clk 1:30:56]} 2. d4 {[%clk 1:31:25]} d5 {[%clk
1:31:22]} 3. e5 {[%clk 1:31:51]} c5 {[%clk 1:31:48]} 4. c3 {[%clk 1:32:18]} Nc6
{[%clk 1:32:15]} 5. Nf3 {[%clk 1:32:42]} Bd7 {[%clk 1:32:41]} 6. a3 {[%clk
1:32:50]} Nge7 {[%clk 1:32:52]} 7. Be3 {[%clk 1:31:49]} Nf5 {[%clk 1:22:47]} 8.
b4 {[%clk 1:32:02]} cxb4 {[%clk 1:22:45]} 9. axb4 {[%clk 1:32:25]} b5 {[%clk
1:18:29]} 10. Bxb5 {[%clk 1:12:03]} Nxe3 {[%clk 1:17:24]} 11. fxe3 {[%clk
1:12:28]} Nxe5 {[%clk 1:17:44]} 12. Nxe5 {[%clk 1:11:55]} Bxb5 {[%clk 1:18:07]}
13. Qf3 {[%clk 1:07:20]} Qc7 {[%clk 1:07:16]} 14. e4 {[%clk 1:01:56]} dxe4
{[%clk 0:48:15]} 15. Qxe4 {[%clk 1:02:21]} Rc8 {[%clk 0:48:00]} 16. Kf2 {[%clk
0:48:58]} Bd6 {[%clk 0:39:59]} 17. Re1 {[%clk 0:49:18]} O-O {[%clk 0:38:39]}
18. Kg1 {[%clk 0:48:23]} Bxe5 {[%clk 0:24:17]} 19. Qxe5 {[%clk 0:48:43]} Bd3
{[%clk 0:24:21]} 20. Qxc7 {[%clk 0:45:23]} Rxc7 {[%clk 0:24:43]} 21. Re3 {[%clk
0:45:49]} Bxb1 {[%clk 0:17:56]} 22. Rxb1 {[%clk 0:46:15]} Rfc8 {[%clk 0:18:15]}
23. Rb3 {[%clk 0:46:22]} g6 {[%clk 0:17:27]} 24. Kf2 {[%clk 0:46:29]} Kg7
{[%clk 0:16:54]} 25. Ke2 {[%clk 0:46:21]} Kf6 {[%clk 0:14:42]} 26. Kd2 {[%clk
0:46:36]} a6 {[%clk 0:11:45]} 27. Ra3 {[%clk 0:46:24]} Rc6 {[%clk 0:12:09]} 28.
Re5 {[%clk 0:46:18]} Rb6 {[%clk 0:07:01]} 29. Rea5 {[%clk 0:46:41]} Rcc6 {[%clk
0:06:24]} 30. Kd3 {[%clk 0:46:20]} Ke7 {[%clk 0:06:31]} 31. R3a4 {[%clk
0:46:37]} Kd7 {[%clk 0:04:34]} 32. c4 {[%clk 0:46:32]} Rb8 {[%clk 0:03:46]} 33.
Kc3 {[%clk 0:45:43]} Rbb6 {[%clk 0:02:55]} 34. Kb3 {[%clk 0:45:00]} f6 {[%clk
0:01:10]} 35. c5 {[%clk 0:43:40]} Rb8 {[%clk 0:01:24]} 36. Rxa6 {[%clk
0:43:57]} e5 {[%clk 0:01:38]} 37. Rxc6 {[%clk 0:40:44]} Kxc6 {[%clk 0:02:04]}
38. Ra6+ {[%clk 0:40:29]} Kd5 {[%clk 0:02:03]} 39. Rxf6 {[%clk 0:40:36]} exd4
{[%clk 0:01:19]} 40. Rd6+ {[%clk 0:40:57]} Ke4 {[%clk 0:01:20]} 41. Kc4 {[%clk
0:41:24]} d3 {[%clk 0:01:27]} 1-0

[Event "DVM U16 2016"]
[Site "Neumarkt in der Oberpfalz GER"]
[Date "2016.12.30"]
[Round "7"]
[White "Hofmann, Timo"]
[Black "Sammet, Dominik"]
[Result "0-1"]
[Termination "normal"]
[Board "2.3"]
[WhiteElo "1858"]
[BlackElo "1696"]
[WhiteClock "00:35:57"]
[BlackClock "00:23:30"]
[WhiteTeam "SG Leipzig"]
[BlackTeam "SC Bavaria Regensburg"]
[PlyCount "52"]
[WhiteFideId "12946044"]
[BlackFideId "12987875"]
[EventCountry "GER"]
[EventRounds "7"]
[EventType "team-swiss"]
[EventDate "2016.12.26"]

1. d4 {[%clk 1:30:59]} Nf6 {[%clk 1:30:44]} 2. c4 {[%clk 1:31:24]} c5 {[%clk
1:30:53]} 3. d5 {[%clk 1:31:51]} e6 {[%clk 1:30:50]} 4. Nc3 {[%clk 1:32:16]}
exd5 {[%clk 1:30:54]} 5. cxd5 {[%clk 1:32:40]} d6 {[%clk 1:31:17]} 6. e4 {[%clk
1:33:07]} g6 {[%clk 1:31:13]} 7. Nge2 {[%clk 1:33:31]} Bg7 {[%clk 1:30:49]} 8.
Ng3 {[%clk 1:33:55]} a6 {[%clk 1:28:56]} 9. a4 {[%clk 1:34:04]} h5 {[%clk
1:28:02]} 10. Be2 {[%clk 1:29:29]} Qe7 {[%clk 1:25:22]} 11. Bg5 {[%clk
1:26:48]} Qe5 {[%clk 1:22:28]} 12. f4 {[%clk 1:18:27]} Qd4 {[%clk 1:19:13]} 13.
Bf3 {[%clk 1:06:08]} Ng4 {[%clk 1:06:27]} 14. Qxd4 {[%clk 1:01:24]} cxd4 {[%clk
1:04:12]} 15. Nce2 {[%clk 1:01:07]} Ne3 {[%clk 1:00:59]} 16. Rc1 {[%clk
0:59:13]} Nd7 {[%clk 0:59:17]} 17. Nf1 {[%clk 0:57:28]} Nc5 {[%clk 0:53:16]}
18. Rb1 {[%clk 0:51:57]} Nc2+ {[%clk 0:32:01]} 19. Kd2 {[%clk 0:49:54]} Nb4
{[%clk 0:31:38]} 20. Nfg3 {[%clk 0:46:19]} Nb3+ {[%clk 0:31:06]} 21. Kd1 {[%clk
0:45:55]} Bd7 {[%clk 0:30:52]} 22. Rf1 {[%clk 0:42:41]} Bxa4 {[%clk 0:29:52]}
23. f5 {[%clk 0:40:46]} Rc8 {[%clk 0:27:12]} 24. Nf4 {[%clk 0:39:24]} Rc2
{[%clk 0:25:19]} 25. Nxg6 {[%clk 0:35:43]} fxg6 {[%clk 0:25:24]} 26. fxg6
{[%clk 0:35:57]} Nc5 {[%clk 0:23:30]} 0-1

[Event "DVM U16 2016"]
[Site "Neumarkt in der Oberpfalz GER"]
[Date "2016.12.30"]
[Round "7"]
[White "Brüll, Elias"]
[Black "Knüpfer, Tim"]
[Result "0-1"]
[Termination "normal"]
[Board "2.4"]
[WhiteElo "1617"]
[BlackElo "1753"]
[WhiteClock "00:23:13"]
[BlackClock "00:28:08"]
[WhiteTeam "SC Bavaria Regensburg"]
[BlackTeam "SG Leipzig"]
[PlyCount "102"]
[WhiteFideId "12964921"]
[BlackFideId "16217489"]
[EventCountry "GER"]
[EventRounds "7"]
[EventType "team-swiss"]
[EventDate "2016.12.26"]

1. e4 {[%clk 1:30:58]} c5 {[%clk 1:30:57]} 2. Nf3 {[%clk 1:31:23]} d6 {[%clk
1:31:25]} 3. d4 {[%clk 1:31:50]} cxd4 {[%clk 1:31:53]} 4. Nxd4 {[%clk 1:32:16]}
Nf6 {[%clk 1:32:20]} 5. Nc3 {[%clk 1:32:41]} g6 {[%clk 1:32:47]} 6. Be3 {[%clk
1:33:07]} Bg7 {[%clk 1:33:15]} 7. f3 {[%clk 1:33:29]} O-O {[%clk 1:33:40]} 8.
Bc4 {[%clk 1:33:55]} Nc6 {[%clk 1:34:07]} 9. Qd2 {[%clk 1:34:22]} Bd7 {[%clk
1:34:33]} 10. O-O-O {[%clk 1:34:46]} Rb8 {[%clk 1:34:54]} 11. g4 {[%clk
1:25:34]} b5 {[%clk 1:33:10]} 12. Bb3 {[%clk 1:10:42]} Na5 {[%clk 1:32:31]} 13.
h4 {[%clk 0:58:30]} Nc4 {[%clk 1:30:19]} 14. Bxc4 {[%clk 0:54:16]} bxc4 {[%clk
1:30:45]} 15. Rdg1 {[%clk 0:32:53]} Qa5 {[%clk 1:21:53]} 16. a3 {[%clk
0:21:15]} Rfc8 {[%clk 1:17:23]} 17. Nd1 {[%clk 0:19:24]} Qa6 {[%clk 0:55:25]}
18. c3 {[%clk 0:17:22]} Ba4 {[%clk 0:51:21]} 19. Nc2 {[%clk 0:16:13]} Nd7
{[%clk 0:43:48]} 20. Bd4 {[%clk 0:13:07]} Nc5 {[%clk 0:39:18]} 21. Bxc5 {[%clk
0:13:21]} Rxc5 {[%clk 0:39:44]} 22. h5 {[%clk 0:13:06]} Bxc2 {[%clk 0:36:25]}
23. Qxc2 {[%clk 0:13:09]} Bh6+ {[%clk 0:32:13]} 24. g5 {[%clk 0:10:59]} Bxg5+
{[%clk 0:32:18]} 25. Rxg5 {[%clk 0:11:24]} Rxg5 {[%clk 0:32:43]} 26. Qd2 {[%clk
0:06:44]} Qb5 {[%clk 0:30:36]} 27. hxg6 {[%clk 0:04:46]} hxg6 {[%clk 0:28:49]}
28. f4 {[%clk 0:04:58]} Rh5 {[%clk 0:29:07]} 29. Rg1 {[%clk 0:05:17]} Kf8
{[%clk 0:22:41]} 30. f5 {[%clk 0:04:30]} gxf5 {[%clk 0:21:02]} 31. Qd4 {[%clk
0:03:31]} Qb6 {[%clk 0:17:53]} 32. Qg7+ {[%clk 0:03:17]} Ke8 {[%clk 0:18:20]}
33. Rf1 {[%clk 0:03:15]} Kd7 {[%clk 0:15:08]} 34. Qxf7 {[%clk 0:03:00]} Rg5
{[%clk 0:11:34]} 35. exf5 {[%clk 0:02:57]} Rg1 {[%clk 0:09:23]} 36. Qe6+ {[%clk
0:02:03]} Kd8 {[%clk 0:09:37]} 37. f6 {[%clk 0:00:58]} Rxf1 {[%clk 0:07:24]}
38. fxe7+ {[%clk 0:00:38]} Ke8 {[%clk 0:07:06]} 39. Qg8+ {[%clk 0:00:38]} Kxe7
{[%clk 0:07:00]} 40. Qh7+ {[%clk 0:00:43]} Rf7 {[%clk 0:06:07]} 41. Qh4+ {[%clk
0:29:41]} Rf6 {[%clk 0:33:51]} 42. Qh7+ {[%clk 0:29:19]} Ke6 {[%clk 0:34:10]}
43. Qe4+ {[%clk 0:29:11]} Kd7 {[%clk 0:34:29]} 44. Qg4+ {[%clk 0:27:02]} Kc6
{[%clk 0:34:42]} 45. Qxc4+ {[%clk 0:27:05]} Qc5 {[%clk 0:33:16]} 46. Qa4+
{[%clk 0:26:12]} Kb6 {[%clk 0:32:53]} 47. b4 {[%clk 0:25:45]} Qb5 {[%clk
0:32:53]} 48. Qb3 {[%clk 0:25:04]} Rc8 {[%clk 0:29:24]} 49. a4 {[%clk 0:25:18]}
Qc4 {[%clk 0:29:33]} 50. Qc2 {[%clk 0:23:01]} Rf1 {[%clk 0:27:58]} 51. Kb2
{[%clk 0:23:13]} Rxd1 {[%clk 0:28:08]} 0-1

[Event "DVM U16 2016"]
[Site "Neumarkt in der Oberpfalz GER"]
[Date "2016.12.30"]
[Round "7"]
[White "Schilay, Lorenz"]
[Black "Kandler, Philipp"]
[Result "1-0"]
[Termination "normal"]
[Board "3.1"]
[WhiteElo "1840"]
[BlackElo "1594"]
[WhiteTeam "SK Neumarkt"]
[BlackTeam "Gütersloher SV"]
[PlyCount "53"]
[WhiteFideId "12930180"]
[BlackFideId "16200772"]
[EventCountry "GER"]
[EventRounds "7"]
[EventType "team-swiss"]
[EventDate "2016.12.26"]

1. e4 c5 2. Nc3 Nc6 3. f4 d6 4. Nf3 g6 5. Bb5 Bd7 6. Bxc6 Bxc6 7. d3 Bg7 8. O-O
e6 9. Qe1 Ne7 10. Qh4 Bd7 11. Be3 Nc6 12. Qg3 O-O 13. e5 Qb6 14. Ne4 Qxb2 15.
Nxd6 b6 16. Rfc1 Qa3 17. Nd2 f6 18. N2c4 Qa6 19. a4 fxe5 20. fxe5 Na5 21. Nxa5
Qxa5 22. Bg5 Qc3 23. Re1 Qxc2 24. Be7 Rfb8 25. Qf3 Bf8 26. Qf7+ Kh8 27. Bf6+
1-0